000 01051nam a2200241Ii 4500
003 JO-AjNU
005 20240630090841.0
008 230605s9999||||xx |||||||||||||| ||und||
040 _aJO-AjNU
_bara
_erda
_cJO-AjNU
041 _aara
050 1 4 _aK5087.2006
100 1 _aقزمار، نادية محمد
_eمعد
_965864
245 2 0 _aالجوانب القانونية والشرعية لجراحة التجميل " دراسة مقارنة " /
_cاعداد نادية محمد قزمار ؛ إشراف محمد المحاسنة
260 _c2006
300 _a272ورقة
336 _atext
_btxt
_2rdacontent
337 _aunmediated
_bn
_2rdamedia
338 _avolume
_bnc
_2rdacarrier
500 _aرسالة جامعية (ماجستير في القانون الخاص )--جامعة عمان العربية ، كلية الدراسات القانونية العليا ، 2006
650 4 _aجراحة تجميلية -- قوانين وتشريعات
_946741
700 1 _aالمحاسنة، محمد
_965845
_eمشرف
942 _2lcc
_cTHS
999 _c23924
_d23924